01547 a2200169 4500003000500000005001700005020001500022040000900037082001500046100002000061245010600081250001200187260003500199300002500234505109900259600001901358NUST20221107124127.0 a8131710696 cNust a510.76,KHA aKhattar, Dinesh aThe pearson guide to objective mathematics :bfor engineering entrance examinations /cDinesh Khattar a2nd ed. aPerason EducationbDelhic2007 a1252 pbillusc24 cm aFunctions (Page-1), Limits (Page-45), Differentiation (Page-112), Applications of Derivations (Page-143), Indefinite Integration (Page-198), Definite Integral and Area (Page-240), Differential Equations (Page-322), Coordinate and Straight lines (Page-343), Pair of Straight Lines (Page-388),Circles (Page-406), Conic Sections (Page-461), Complex Numbers (Page-531), Sequences and Series (Page-582), Quadratic Equitation's and In equations (Page-637),Permutations and Combinations (Page-680), Binomial Theorem (Page-711), Exponential and Logarithmic series (Page-744), Matrices (Page-755), Determinants (Page-779), Trigonometric Ratios and Identities (Page-811), Trigonometric Equations (Page-847), Inverse Trigonometric Functions (Page-865), Properties and Solutions Triangles (Page-884),Heights and Distances (Page-909), Probability (Page-919), Statistics (Page-963), Vectors (Page-982), Tree Dimensional Geometry (Page-1030), Statics (Page-1056), Dynamics (Page-1091), Set Theory (Page-1118), Numerical Methods (Page-1133), Linear Programming (Page-1144),Hyperbolic Functions (Page-1151).  aDinesh Khattar